Podstata a tvorba kalkulačného systému podniku
Podstata kalkulačného systému. Podniková dimenzia a trhová dimenzia kalkulačného systému. Kalkulačný systém v užšom a širšom ponímaní. Tvorba kalkulačného systému.
Guardado en:
| Autor principal: | |
|---|---|
| Formato: | Capítulo de libro |
| Lenguaje: | eslovaco |
| Materias: | |
| Etiquetas: |
Sin Etiquetas, Sea el primero en etiquetar este registro!
|
MARC
| LEADER | 00000nla$a2200000$$$4500 | ||
|---|---|---|---|
| 001 | 0145253 | ||
| 005 | 20240502072618.7 | ||
| 041 | 0 | |a slo | |
| 044 | |a SK | ||
| 245 | 1 | 0 | |a Podstata a tvorba kalkulačného systému podniku |c Miroslav Tóth |
| 520 | |a Podstata kalkulačného systému. Podniková dimenzia a trhová dimenzia kalkulačného systému. Kalkulačný systém v užšom a širšom ponímaní. Tvorba kalkulačného systému. | ||
| 610 | 2 | 0 | |a kalkulácia |
| 610 | 2 | 0 | |a náklady |
| 610 | 2 | 0 | |a kalkulácia nákladov |
| 610 | 2 | 0 | |a materiál |
| 610 | 2 | 0 | |a mzdy |
| 610 | 2 | 0 | |a výrobky |
| 610 | 2 | 0 | |a výroba |
| 610 | 2 | 0 | |a podnik |
| 100 | 1 | |a Tóth, Miroslav, 1961- | |